Villes de + de 10000 habitants Rhône carte - Statistiques

Statistiques générales
  • Ce quiz a été pris 41 fois
  • Le résultat moyen est 16 sur 29
Réponses sur la Carte
Les réponses sont colorées sur une échelle allant du rouge au vert en fonction du pourcentage des utilisateurs qui les ont devinées à leur premier essai. Vous pouvez retrouver ces pourcentages ci-dessous.
 
Statistiques - réponses
Réponse % Correct
Lyon
97%
Venissieux
97%
Villeurbanne
97%
Bron
88%
Vaulx-en-Velin
81%
Caluire-et-Cuire
75%
Givors
75%
Villefranche-sur-Saône
75%
Saint-Priest
69%
Décines-Charpieu
59%
Meyzieu
59%
Saint-Fons
59%
Ecully
53%
Rillieux-la-Pape
53%
Oullins-Pierre-Bénite
47%
Tassin-la-demi-Lune
47%
Francheville
41%
Genas
41%
Sainte-Foy-lès-Lyon
41%
Tarare
38%
Chassieu
34%
Craponne
34%
Feyzin
34%
Belleville-en-Beaujolais
31%
Corbas
31%
Mions
31%
Saint-Genis-Laval
31%
Brignais
25%
Grigny-sur-Rhône
9%
Aucun quiz correspondant
Distribution des résultats
% des personnes avec chaque résultat
Percentile par nombre de réponses
Votre historique - résultats
Vous n’avez pas pris ce quiz